[Event "World Rapid Women 2018"]
[Site "St Petersburg RUS"]
[Date "2018.12.28"]
[Round "9.22"]
[White "Shafigullina, Zarina"]
[Black "Mkrtchian, Lilit"]
[Result "1/2-1/2"]
[WhiteTitle "WFM"]
[BlackTitle "IM"]
[WhiteElo "2140"]
[BlackElo "2392"]
[WhiteFideId "24174220"]
[BlackFideId "13300601"]
[EventDate "2018.12.26"]

1. d4 Nf6 2. Nf3 e6 3. g3 d5 4. Bg2 Nbd7 5. O-O b5 6. Qd3 a6 7. a4 b4 8. c4 bxc3
9. Nxc3 Bb7 10. Rb1 c5 11. dxc5 Nxc5 12. Qd1 Be7 13. Be3 Rc8 14. Bd4 O-O 15. b4
Nce4 16. Nxe4 dxe4 17. Ne5 Qd5 18. e3 Bd6 19. Nd3 e5 20. Bc5 Qxd3 21. Qxd3 exd3
22. Bxb7 Rcd8 23. Rfd1 e4 24. Bd4 Rb8 25. Bxa6 Rxb4 26. a5 Ra8 27. Rxb4 Bxb4 28.
Bb7 Rxa5 29. Bxf6 gxf6 30. Bxe4 d2 31. Kf1 1/2-1/2

[Event "World Rapid Women 2018"]
[Site "St Petersburg RUS"]
[Date "2018.12.28"]
[Round "9.23"]
[White "Petrova, Irina"]
[Black "Berend, Elvira"]
[Result "0-1"]
[WhiteTitle "WIM"]
[BlackTitle "WGM"]
[WhiteElo "2124"]
[BlackElo "2332"]
[WhiteFideId "14124122"]
[BlackFideId "4000510"]
[EventDate "2018.12.26"]

1. d4 Nf6 2. Bg5 d5 3. Nc3 h6 4. Bxf6 exf6 5. e3 c6 6. Qd2 Qb6 7. O-O-O Be6 8.
Bd3 Na6 9. Nge2 Bd6 10. e4 Nb4 11. exd5 cxd5 12. Bb5+ Nc6 13. Nf4 Bxf4 14. Qxf4
O-O 15. h4 Rac8 16. g4 Nb4 17. g5 Rxc3 18. bxc3 Nxa2+ 19. Kb2 Qxb5+ 20. Kxa2 Rc8
21. Qc1 Rc6 22. Qb2 Qa4+ 23. Kb1 Rb6 24. gxh6 Bf5 25. Rd2 g6 26. h5 g5 27. Re1
Qa3 28. Qxb6 axb6 29. Re3 g4 30. f3 Kh7 31. Rg2 Qb3+ 32. Kc1 Qc4 33. Rg1 Qa2 34.
Rg2 Qa1+ 35. Kd2 Qb2 36. Ke1 Qc1+ 37. Kf2 Qxc2+ 38. Kg3 Qc1 39. Re7 Be6 40. fxg4
Kxh6 41. Rf2 Qg1+ 42. Rg2 Qe3+ 43. Kh2 Qf4+ 44. Kg1 Qc1+ 45. Kh2 Qxc3 46. Re8
Qxd4 47. Rh8+ Kg7 48. Re8 Qf4+ 49. Kg1 d4 50. g5 fxg5 51. h6+ Kxh6 52. Rg8 Qe3+
53. Kh2 g4 54. Rg3 Qf2+ 55. Rg2 Qf4+ 56. Kg1 Qe3+ 57. Kh2 f5 58. Re8 d3 59. Rg3
Qf2+ 60. Rg2 Qf4+ 61. Kg1 Qe3+ 62. Kf1 d2 63. Rh2+ Kg5 0-1

[Event "World Rapid Women 2018"]
[Site "St Petersburg RUS"]
[Date "2018.12.28"]
[Round "9.24"]
[White "Maltsevskaya, Aleksandra"]
[Black "Michna, Marta"]
[Result "1/2-1/2"]
[WhiteTitle "WGM"]
[BlackTitle "WGM"]
[WhiteElo "2243"]
[BlackElo "2333"]
[WhiteFideId "24174041"]
[BlackFideId "1106686"]
[EventDate "2018.12.26"]

1. Nf3 Nf6 2. g3 g6 3. Bg2 Bg7 4. O-O O-O 5. d4 d6 6. b3 a5 7. c4 c6 8. Nc3 Bg4
9. h3 Bxf3 10. Bxf3 Nfd7 11. Bb2 Na6 12. Qd2 f5 13. Rad1 Nc7 14. Bg2 Rf7 15. e4
f4 16. gxf4 Bh6 17. Qe2 Ne6 18. Bc1 Bxf4 19. d5 Ng7 20. dxc6 bxc6 21. Bxf4 Rxf4
22. c5 Ne5 23. Qe3 Qf8 24. Ne2 g5 25. Nxf4 gxf4 26. Qd2 f3 27. Bh1 Ne6 28. Kh2
Nxc5 29. Qe3 Qf6 30. Rg1+ Kh8 31. Rg3 Rf8 32. Rdg1 Ne6 33. Qd2 c5 34. Qe3 Nd4
35. Rg5 e6 36. Rh5 Qf4+ 37. Qxf4 Rxf4 38. Rhg5 Ng6 39. R5g4 Rxg4 40. hxg4 Ne5
41. Kh3 Kg7 42. Rb1 Kf6 43. a3 Kg5 44. b4 axb4 45. axb4 c4 46. b5 c3 47. b6 c2
48. Rc1 Kf4 49. b7 Nec6 50. Kh4 Kxe4 51. Kh5 Kf4 52. g5 e5 53. g6 hxg6+ 54. Kxg6
Ke4 55. Kf7 Kd3 56. Bxf3 Nxf3 57. Ke6 Nfd4+ 58. Kxd6 e4 59. Kd5 Nb4+ 60. Ke5
Ndc6+ 61. Kf5 Ne7+ 62. Ke6 Nbc6 63. Kd6 Kd2 64. Ra1 c1=Q 65. Rxc1 Kxc1 66. b8=Q
Nxb8 67. Ke5 Nbc6+ 68. Kxe4 Kd2 69. f4 Ke2 70. f5 1/2-1/2

[Event "World Rapid Women 2018"]
[Site "St Petersburg RUS"]
[Date "2018.12.28"]
[Round "9.25"]
[White "Doan, Thi Van Anh"]
[Black "Guichard, Pauline"]
[Result "0-1"]
[WhiteTitle "WFM"]
[BlackTitle "WGM"]
[WhiteElo "1950"]
[BlackElo "2378"]
[WhiteFideId "12400491"]
[BlackFideId "639370"]
[EventDate "2018.12.26"]

1. d4 Nf6 2. Nf3 g6 3. Nc3 d5 4. Bf4 Bg7 5. e3 O-O 6. h3 c5 7. dxc5 Qa5 8. Be2
Qxc5 9. O-O Nc6 10. Bh2 Bf5 11. a3 Rfd8 12. Nd4 Nxd4 13. exd4 Qb6 14. Na4 Qc6
15. c3 Ne4 16. f3 Nd6 17. Nc5 Nc4 18. Bxc4 dxc4 19. Re1 b6 20. Na6 Rd7 21. Nb8
Rxb8 22. Bxb8 Bh6 23. Qe2 Bd3 24. Qf2 a5 25. Qh4 Bf8 26. Rad1 Rd5 27. Re5 Rd8
28. Ba7 Qc7 29. Bxb6 Qxb6 30. Rd2 Rd7 31. Qg4 e6 32. h4 Bh6 33. Rf2 Bf5 34. Qg3
Qb8 35. f4 a4 36. Ra5 Qb3 37. Qf3 Rd8 38. Kh2 Bd3 39. Qc6 Qd1 40. Rxa4 Be4 41.
Qxc4 Qg4 42. Qc7 Qxh4+ 43. Kg1 Rf8 44. Qe5 Bf5 45. Rb4 g5 46. d5 Bg7 47. Qe3 g4
48. d6 g3 49. Rf3 Qh2+ 50. Kf1 h5 51. Rxg3 h4 52. Rf3 h3 53. Qg1 hxg2+ 54. Qxg2
Qh6 55. Rg3 Rd8 56. Rd4 Kh7 57. Rxg7+ Qxg7 58. Qxg7+ Kxg7 59. c4 Kf6 60. c5 e5
61. fxe5+ Kxe5 62. Rd2 Bd7 63. Kf2 f5 64. b4 Ra8 65. Rd3 f4 66. Kf3 Bc6+ 67. Kf2
Bb5 68. Rc3 Bc6 69. Rb3 Ba4 70. Rh3 Bb5 71. Rc3 Kd4 72. Rf3 Rf8 73. Rh3 Kd5 74.
Rh7 Ra8 75. Rb7 Ba4 76. Kf3 Bc6 77. Rb6 Rxa3+ 78. Kxf4 Bd7 79. Rb7 Bc6 80. Rc7
Ra8 81. Kf5 Rf8+ 82. Kg6 Rb8 83. d7 Rd8 84. Kf6 Bxd7 85. Ke7 Rb8 86. Rxd7+ Kc4
87. c6 Kb5 88. c7 Rc8 89. Kd6 Kb6 90. b5 Kb7 91. Rh7 Kb6 92. Rd7 Kb7 93. Re7 Kb6
94. Rf7 Kb7 95. Rg7 Kb6 96. Rg8 Rxg8 97. Kd7 Rg7+ 98. Kd8 Rxc7 0-1

[Event "World Rapid Women 2018"]
[Site "St Petersburg RUS"]
[Date "2018.12.28"]
[Round "9.26"]
[White "Kovanova, Baira"]
[Black "Protopopova, Anastasiya"]
[Result "0-1"]
[WhiteTitle "WGM"]
[BlackTitle "WFM"]
[WhiteElo "2352"]
[BlackElo "2304"]
[WhiteFideId "4164083"]
[BlackFideId "24172073"]
[EventDate "2018.12.26"]

1. Nf3 d5 2. g3 Nf6 3. Bg2 c5 4. d3 Nc6 5. O-O g6 6. Nbd2 Bg7 7. e4 e6 8. Qe2
O-O 9. Re1 a5 10. a4 b6 11. Nb1 Ba6 12. e5 Nd7 13. Bf4 c4 14. dxc4 Bxc4 15. Qd1
Qc7 16. Na3 Ba6 17. Rc1 Rad8 18. Bg5 Ndxe5 19. Nxe5 Nxe5 20. Bxd8 Rxd8 21. Nb5
Qd7 22. Qe2 Nc6 23. c4 d4 24. Rcd1 Nb4 25. Bf1 Bb7 26. Bg2 d3 27. Qd2 Bxg2 28.
Kxg2 Qc6+ 29. Kg1 Qxc4 30. Rc1 Qb3 31. Qg5 Qd5 32. Qd2 h5 33. Rc7 Na6 34. Ra7
Nc5 35. Rd1 Be5 36. Nc3 Qf3 37. Qg5 Bf6 38. Qd2 Bxc3 39. Qxc3 Qxd1+ 0-1

[Event "World Rapid Women 2018"]
[Site "St Petersburg RUS"]
[Date "2018.12.28"]
[Round "9.27"]
[White "Dordzhieva, Dinara"]
[Black "Nebolsina, Vera"]
[Result "1-0"]
[WhiteTitle "WIM"]
[BlackTitle "WGM"]
[WhiteElo "2340"]
[BlackElo "2242"]
[WhiteFideId "24157570"]
[BlackFideId "4163591"]
[EventDate "2018.12.26"]

1. Nf3 Nf6 2. c4 c6 3. g3 g6 4. Bg2 Bg7 5. Nc3 d5 6. cxd5 cxd5 7. d4 O-O 8. Ne5
e6 9. O-O Nfd7 10. Nf3 Nc6 11. e3 Nf6 12. b3 Re8 13. Bb2 Bd7 14. Rc1 Ne7 15. Ne5
Bc6 16. Nxc6 Nxc6 17. Na4 Rc8 18. Qe2 Qe7 19. Qb5 Qb4 20. Qe2 Nd7 21. Bc3 Qd6
22. Qb5 Qb8 23. Nc5 Nxc5 24. dxc5 Bxc3 25. Rxc3 Qe5 26. Rcc1 Re7 27. Qd3 Rec7
28. a3 Qb2 29. b4 Ne5 30. Qd4 Qxd4 31. exd4 Nc4 32. Rc3 b6 33. Rfc1 bxc5 34.
dxc5 Rb8 35. Bf1 Ne5 36. f4 Nd7 37. Kf2 f6 38. Bh3 Kf7 39. Re1 f5 40. Rec1 a5
41. bxa5 Rb5 42. a6 Nxc5 43. Kg1 d4 44. a7 Rxa7 45. Rxc5 Rxc5 46. Rxc5 Rxa3 47.
Rc7+ Kf6 48. Rxh7 e5 49. fxe5+ Ke6 50. Bf1 d3 51. Kf2 d2 52. Bc4+ Kxe5 53. Ke2
Kd4 54. Bf7 Rd3 55. Kd1 Ke3 56. Bxg6 Rd5 57. Re7+ Kf3 58. Re2 f4 59. Be4+ 1-0

[Event "World Rapid Women 2018"]
[Site "St Petersburg RUS"]
[Date "2018.12.28"]
[Round "9.28"]
[White "Tomilova, Elena"]
[Black "Nazarova, Anastasia"]
[Result "1-0"]
[WhiteTitle "WIM"]
[BlackTitle "WFM"]
[WhiteElo "2338"]
[BlackElo "2157"]
[WhiteFideId "4162340"]
[BlackFideId "34101737"]
[EventDate "2018.12.26"]

1. c4 e6 2. Nf3 d5 3. b3 Nf6 4. g3 Be7 5. Bb2 O-O 6. Bg2 b6 7. O-O Bb7 8. e3
dxc4 9. bxc4 c5 10. Nc3 Nc6 11. Qe2 Rc8 12. Rfd1 Qc7 13. d3 Rfd8 14. Rac1 Qb8
15. Ng5 h6 16. Nge4 Qa8 17. f4 Nb4 18. Rb1 Rd7 19. a3 Nc6 20. Nb5 Nxe4 21. Bxe4
f5 22. Bg2 Nd8 23. e4 Nf7 24. Bh3 Rcd8 25. Re1 Rxd3 26. exf5 Rd2 27. Qg4 Rxb2
28. Rxb2 exf5 29. Qxf5 Bf6 30. Rbe2 a6 31. Nc7 Bd4+ 32. Kf1 Qc8 33. Re8+ Rxe8
34. Rxe8+ 1-0

[Event "World Rapid Women 2018"]
[Site "St Petersburg RUS"]
[Date "2018.12.28"]
[Round "9.29"]
[White "Mammadzada, Gunay"]
[Black "Garcia Martin, Marta"]
[Result "1/2-1/2"]
[WhiteTitle "IM"]
[BlackTitle "FM"]
[WhiteElo "2422"]
[BlackElo "2301"]
[WhiteFideId "13403729"]
[BlackFideId "32084030"]
[EventDate "2018.12.26"]

1. e4 c5 2. Nf3 e6 3. d4 cxd4 4. Nxd4 a6 5. Bd3 Ne7 6. O-O Nbc6 7. Nb3 g6 8. c4
Bg7 9. Nc3 O-O 10. Be2 f5 11. f3 f4 12. Bd2 Nd4 13. Be1 Nec6 14. Bf2 Qf6 15.
Nxd4 Nxd4 16. Qd2 d6 17. Rfd1 e5 18. Nd5 Qg5 19. Kh1 Rf7 20. Bxd4 exd4 21. Qb4
Be5 22. Nb6 Rb8 23. c5 dxc5 24. Qxc5 Be6 25. Nc4 Bf6 26. e5 Bg7 27. Rxd4 b5 28.
Nd6 Qxe5 29. Qxe5 Bxe5 30. Re4 Bxd6 31. Rxe6 Re7 32. Rxd6 Rxe2 33. Rxa6 Rxb2 34.
Ra7 Re8 35. h4 Rbe2 36. Kh2 Re1 37. Rxe1 Rxe1 38. Rb7 Re5 39. Ra7 h6 40. Ra3 Kg7
41. Rb3 Kf6 42. Rb4 g5 43. a4 bxa4 44. Rxa4 Kg6 45. hxg5 1/2-1/2

[Event "World Rapid Women 2018"]
[Site "St Petersburg RUS"]
[Date "2018.12.28"]
[Round "9.30"]
[White "Shuvalova, Polina"]
[Black "Kabanova, Ekaterina"]
[Result "1-0"]
[WhiteTitle "WIM"]
[BlackTitle "WFM"]
[WhiteElo "2441"]
[BlackElo "2095"]
[WhiteFideId "24171760"]
[BlackFideId "24112917"]
[EventDate "2018.12.26"]

1. e4 c6 2. Nc3 d5 3. Nf3 Nf6 4. e5 Ne4 5. d4 Bf5 6. Be2 e6 7. O-O Be7 8. Be3 h6
9. Nxe4 dxe4 10. Nd2 Nd7 11. Nc4 O-O 12. Nd6 Bxd6 13. exd6 Nf6 14. Bf4 Ne8 15.
c4 Nxd6 16. Qb3 b6 17. Rad1 Nb7 18. Rfe1 Bg6 19. Bf1 Qh4 20. g3 Qe7 21. Bg2 f5
22. a3 Rad8 23. Qa4 Na5 24. c5 Qd7 25. Be5 Bh5 26. Rc1 Qd5 27. Rc3 Rc8 28. Bf1
f4 29. gxf4 Bf3 30. b4 Nb7 31. Bc4 Qd7 32. Qb3 Nd8 33. Rxf3 exf3 34. Qxf3 bxc5
35. bxc5 Rf5 36. Qg4 Qf7 37. Kh1 Kh8 38. Rg1 Rc7 39. Qh4 Rd7 40. Qxh6+ Kg8 41.
Qh4 Rxe5 42. dxe5 Rd4 43. Rg4 Qf5 44. Bf1 Qe4+ 45. Kg1 Rd1 46. Qe7 Rxf1+ 47.
Kxf1 Qd3+ 48. Kg2 Qe4+ 49. Kg3 g6 50. Qxd8+ 1-0

[Event "World Rapid Women 2018"]
[Site "St Petersburg RUS"]
[Date "2018.12.28"]
[Round "9.31"]
[White "Javakhishvili, Lela"]
[Black "Maletina, Tatiana"]
[Result "1-0"]
[WhiteTitle "IM"]
[BlackTitle "WIM"]
[WhiteElo "2464"]
[BlackElo "2270"]
[WhiteFideId "13601458"]
[BlackFideId "24145084"]
[EventDate "2018.12.26"]

1. Nf3 d5 2. b3 Bg4 3. Bb2 Nd7 4. g3 c6 5. Bg2 e6 6. O-O Ngf6 7. c4 Bd6 8. d4
O-O 9. Ne5 Bh5 10. Nd2 Qc7 11. f4 Ng4 12. Nxg4 Bxg4 13. h3 Bh5 14. g4 Bg6 15. e3
Bd3 16. Rf2 Nf6 17. c5 Be7 18. Nf3 Be4 19. b4 a6 20. Bc3 Nd7 21. a4 f5 22. g5 h6
23. gxh6 gxh6 24. Be1 Kh7 25. Kh2 Rg8 26. Bf1 Rg7 27. Rg2 Rag8 28. Rxg7+ Rxg7
29. b5 axb5 30. axb5 Qc8 31. bxc6 bxc6 32. Ra7 Nf6 33. Bh4 Qe8 34. Ne5 Ng4+ 35.
hxg4 Bxh4 36. Rxg7+ Kxg7 37. gxf5 Bxf5 38. Bh3 Bf6 39. Qg1+ Kh7 40. Ng4 Bg7 41.
Qd1 Qb8 42. Qd2 Qe8 43. Qe2 Qg6 44. Nf2 Bxh3 45. Nxh3 Qe4 46. Nf2 Qf5 47. Qf3
Qc2 48. Kg2 Qg6+ 49. Qg3 Qf5 50. Kf3 Bf6 51. Qg4 Bd8 52. Qxf5+ exf5 53. Nd3 Kg7
54. Ne5 Kf6 55. Nxc6 Bc7 56. Kg3 Ke6 57. Kh4 Kd7 58. Nb4 Ke6 59. Kh5 Ba5 60. Nc2
Kf7 61. Kxh6 Kf6 62. Kh5 Bd2 63. Kh4 Ba5 64. Kg3 Ke6 65. Kf3 Kd7 66. Ke2 Kc6 67.
Ne1 Kd7 68. Nf3 Ke6 69. Kd3 Bb4 70. Kc2 Ba3 71. Ne5 Bb4 72. Nd3 Ba5 73. Nf2 Kd7
74. Nd1 Kc6 75. Nc3 Bb4 76. Kb2 Ba5 77. Kb3 Bd8 78. Ka4 Bh4 79. Nd1 Be1 80. Kb3
Bd2 81. Kc2 Ba5 82. Nc3 Bb4 83. Ne2 Kd7 84. Ng3 Ke6 85. c6 Kd6 86. Nxf5+ Kxc6
87. Kd3 Kd7 88. e4 dxe4+ 89. Kxe4 Ke6 90. d5+ Kf6 91. Ne3 Bc5 92. Nc4 Bb4 93.
Ne5 Bd6 94. Nd3 Ba3 95. Nf2 Bd6 96. Ng4+ Kg6 97. Ne3 Kf6 98. Nc2 Bc5 99. Nd4 Bb4
100. Ne6 Bd6 101. Kd4 Kf5 102. Ke3 Ba3 103. Nd4+ Kf6 104. Kf3 Bc5 105. Ne6 Ba3
106. Kg4 Bd6 107. Ng5 Ba3 108. Ne4+ Kg6 109. f5+ Kf7 110. Kf4 Bb2 111. d6 Ke8
112. f6 Kd7 113. Kf5 Bd4 114. Kg6 Ke8 115. f7+ Kf8 116. Ng5 1-0

[Event "World Rapid Women 2018"]
[Site "St Petersburg RUS"]
[Date "2018.12.28"]
[Round "9.32"]
[White "Solozhenkina, Elizaveta"]
[Black "Mamedjarova, Zeinab"]
[Result "1-0"]
[WhiteTitle "WIM"]
[BlackTitle "WGM"]
[WhiteElo "2258"]
[BlackElo "2338"]
[WhiteFideId "34106615"]
[BlackFideId "13401521"]
[EventDate "2018.12.26"]

1. Nf3 d5 2. g3 Nf6 3. Bg2 e6 4. O-O Be7 5. d3 O-O 6. Nbd2 c5 7. e4 Nc6 8. Re1
b6 9. Qe2 Bb7 10. e5 Nd7 11. c4 Nb4 12. Nf1 Re8 13. h4 dxc4 14. dxc4 Nf8 15. Rd1
Qc7 16. a3 Nc6 17. h5 h6 18. Bf4 Rad8 19. N1d2 Nd4 20. Nxd4 Bxg2 21. Nb5 Qb7 22.
f3 Rxd2 23. Rxd2 Bxf3 24. Qh2 Qe4 25. b3 Ra8 26. Kf2 Bg4 27. Qh1 Qxh1 28. Rxh1
a6 29. Nc3 f6 30. Nd1 fxe5 31. Bxe5 Nh7 32. Ne3 Rf8+ 33. Bf4 e5 34. Nxg4 exf4
35. gxf4 Rxf4+ 36. Kg3 Re4 37. Rd3 Nf6 38. Nxf6+ Bxf6 39. a4 Re5 40. Kf4 Re2 41.
Kf3 Rb2 42. Ke4 Bd4 43. Kd5 Rf2 44. Kc6 Rf6+ 45. Kb7 a5 46. Re1 Rf5 47. Rh3 Rf6
48. Re7 Kh7 49. Rc7 Re6 50. Rc6 Re8 51. Kxb6 Be3 52. Kxa5 Bd2+ 53. Ka6 Bb4 54.
Kb7 Re5 55. Rc7 Rg5 56. Kb6 Rg2 57. a5 Ra2 58. Ra7 Kh8 59. a6 Rf2 60. Rg3 Rf6+
61. Kb5 Rf5 62. Raxg7 Rf8 63. a7 Bc3 64. Rg8+ 1-0

[Event "World Rapid Women 2018"]
[Site "St Petersburg RUS"]
[Date "2018.12.28"]
[Round "9.33"]
[White "Tsolakidou, Stavroula"]
[Black "Gritsayeva, Oksana"]
[Result "1-0"]
[WhiteTitle "IM"]
[BlackTitle "WFM"]
[WhiteElo "2387"]
[BlackElo "2378"]
[WhiteFideId "4264312"]
[BlackFideId "14104652"]
[EventDate "2018.12.26"]

1. Nf3 Nf6 2. c4 e6 3. g3 a6 4. Bg2 b5 5. b3 Bb7 6. O-O c5 7. Nc3 Qb6 8. e3 Be7
9. d4 Ne4 10. Bb2 O-O 11. Qc2 Nxc3 12. Bxc3 cxd4 13. Bxd4 Qc7 14. Qb2 f6 15.
cxb5 axb5 16. a4 bxa4 17. bxa4 Be4 18. Rfc1 Nc6 19. Bc5 Rfb8 20. Qd2 Bxc5 21.
Rxc5 Bxf3 22. Bxf3 Ne5 23. Bxa8 Qxc5 24. Bg2 d5 25. a5 Nc4 26. Qc3 Ra8 27. a6 f5
28. Bf1 Qb5 29. a7 Qc5 30. Qb3 Qc7 31. Qb5 Nd6 32. Qb4 Nc8 33. Ra6 Kf7 34. Qh4
Rxa7 35. Qh5+ Ke7 36. Rxa7 Nxa7 37. Qxh7 Kf6 38. Be2 Nc6 39. Bh5 Ne7 40. Be8 Qd8
41. Qh4+ Ke5 42. Bb5 Qf8 43. Qd4+ Kd6 44. Qb6+ Ke5 45. Bd7 Qf7 46. Qb2+ Kd6 47.
Ba4 Ng6 48. Qb4+ Ke5 49. Qb2+ Kd6 50. f4 Qc7 51. Be8 Qc5 52. Bxg6 Qxe3+ 53. Qf2
Qc1+ 54. Kg2 Qc4 55. Qb6+ Kd7 56. Bf7 Qe2+ 57. Qf2 Qe4+ 58. Qf3 Qc2+ 59. Kh3 Ke7
60. Bh5 Kf6 61. Qe2 Qc3 62. Bf3 g5 63. fxg5+ Kxg5 64. Kg2 Kf6 65. h4 d4 66. h5
d3 67. Qe3 Qc2+ 68. Kh3 d2 69. Qd4+ Ke7 70. h6 f4 71. Qg7+ Kd6 72. Qf8+ Kd7 73.
Qf7+ Kd6 74. Qxf4+ Ke7 75. Qh4+ Kd6 76. Qd8+ Ke5 77. Qh8+ Kd6 78. Qd4+ Ke7 79.
g4 Qc1 80. Kg2 d1=Q 81. Bxd1 Qxh6 82. Bb3 Qg5 83. Kf3 Qc1 84. Qe3 Qc6+ 85. Kg3
Qd6+ 86. Kh4 Qh2+ 87. Kg5 e5 88. Kf5 Kf8 89. Qc5+ 1-0

[Event "World Rapid Women 2018"]
[Site "St Petersburg RUS"]
[Date "2018.12.28"]
[Round "9.34"]
[White "Munkhzul, Turmunkh"]
[Black "Badelka, Olga"]
[Result "1/2-1/2"]
[WhiteTitle "WFM"]
[BlackTitle "WIM"]
[WhiteElo "2255"]
[BlackElo "2385"]
[WhiteFideId "4901878"]
[BlackFideId "13509926"]
[EventDate "2018.12.26"]

1. e4 c5 2. Nf3 e6 3. d4 cxd4 4. Nxd4 Nf6 5. Nc3 Bb4 6. e5 Nd5 7. Qg4 O-O 8. a3
f5 9. Qg3 Bxc3+ 10. bxc3 f4 11. Qd3 Qc7 12. Nf3 Qxc3+ 13. Qxc3 Nxc3 14. Bd2 Nd5
15. Bc4 Nb6 16. Bb3 Nc6 17. O-O h6 18. c4 Rb8 19. h4 Na8 20. Rfe1 Nc7 21. Re4 b5
22. Bxf4 bxc4 23. Bxc4 Ba6 24. Bxa6 Nxa6 25. Be3 Rb5 26. Rd1 Rf7 27. Ra4 Nc5 28.
Rc4 Nb7 29. Re4 a5 30. Kh2 Kf8 31. a4 Rb4 32. Rxb4 axb4 33. Rb1 Ke7 34. Bd2 Rf8
35. Bxb4+ Nxb4 36. Rxb4 Na5 37. Rg4 Rg8 38. Kg3 Nc6 39. Rc4 Rb8 40. Kf4 Rb2 41.
Kg3 Ra2 42. Re4 Ra3 43. Kg4 Ra2 44. Kg3 Ra3 45. Kf4 Ra2 46. Ke3 Ra1 47. g3 Ra2
48. g4 Ra1 49. Kf4 Ra2 50. Kg3 Ra1 51. g5 hxg5 52. hxg5 Kf7 53. Kg4 Ra2 54. Rf4+
Ke8 55. Kg3 Ne7 56. Kg2 Nf5 57. Re4 Kf7 58. Rb4 Ne3+ 59. Kg3 Nf5+ 60. Kg2 Ne3+
61. Kg3 Nf5+ 62. Kg2 Ne3+ 63. Kg1 Ra1+ 64. Kh2 Ra2 65. Kg3 Nf5+ 66. Kg2 Ne3+ 67.
Kg3 Nf5+ 68. Kg2 Ne3+ 1/2-1/2

[Event "World Rapid Women 2018"]
[Site "St Petersburg RUS"]
[Date "2018.12.28"]
[Round "9.35"]
[White "Khomeriki, Nino"]
[Black "Paehtz, Elisabeth"]
[Result "0-1"]
[WhiteTitle "WIM"]
[BlackTitle "IM"]
[WhiteElo "2347"]
[BlackElo "2487"]
[WhiteFideId "13603191"]
[BlackFideId "4641833"]
[EventDate "2018.12.26"]

1. d4 d6 2. Nf3 g6 3. c4 Bg7 4. Nc3 e5 5. g3 Nd7 6. Bg2 Ngf6 7. O-O O-O 8. e4 c6
9. h3 exd4 10. Nxd4 Qa5 11. Re1 Ne5 12. Bf1 Qb6 13. Nb3 Be6 14. Be3 c5 15. Nd5
Bxd5 16. exd5 Ne4 17. Bg2 f5 18. Qc2 Rae8 19. Rab1 Qb4 20. Bxe4 fxe4 21. Nd2 Qa5
22. b3 Nd3 23. Rf1 Nb4 24. Qd1 Qxa2 25. Qg4 Nd3 26. Qd7 Qa6 27. Kg2 Ne5 28. Qa4
Nd3 29. Qd7 Qb6 30. Rfd1 Nb4 31. Rf1 Nc2 32. Bg5 Qb4 33. Rbd1 Kh8 34. Be7 e3 35.
Bxf8 Rxf8 36. fxe3 Nxe3+ 37. Kh1 Nxf1 38. Rxf1 Qxd2 39. Rxf8+ Bxf8 40. Qf7 Qc1+
41. Kg2 Qb2+ 42. Kh1 Qg7 43. Qe8 Qe7 44. Qc8 b6 45. h4 Kg8 46. Kg2 h5 47. Kh3
Kh7 48. Kg2 Bg7 49. Kh3 Qe5 50. Qc7 Kh6 51. Qxa7 Qf5+ 52. Kg2 Qc2+ 53. Kh3 Qxb3
54. Qe7 Qf3 55. Kh2 Qf2+ 56. Kh3 Qg1 57. Qe4 Be5 58. Qf3 Qxg3+ 59. Qxg3 Bxg3 60.
Kxg3 g5 0-1

[Event "World Rapid Women 2018"]
[Site "St Petersburg RUS"]
[Date "2018.12.28"]
[Round "9.36"]
[White "Molchanova, Tatjana"]
[Black "Danielian, Elina"]
[Result "1/2-1/2"]
[WhiteTitle "WGM"]
[BlackTitle "GM"]
[WhiteElo "2245"]
[BlackElo "2427"]
[WhiteFideId "4132203"]
[BlackFideId "13300210"]
[EventDate "2018.12.26"]

1. e4 d6 2. g3 g6 3. Bg2 Bg7 4. d4 c5 5. dxc5 Qa5+ 6. Bd2 Qxc5 7. Bc3 Nf6 8. Ne2
O-O 9. O-O Nc6 10. Nd2 Rd8 11. Nb3 Qb6 12. Nf4 Bg4 13. Qd2 Rac8 14. h3 Bd7 15.
Bxf6 exf6 16. Nd5 Qa6 17. Rfd1 b6 18. c3 Be6 19. Qf4 Bxd5 20. Rxd5 Ne5 21. Bf1
Qb7 22. Rad1 Qe7 23. h4 h5 24. Nd4 Kh7 25. Bh3 Bh6 26. Nf5 gxf5 27. Qxf5+ Kg7
28. Qxh5 Rc5 29. f4 Rxd5 30. Rxd5 Rh8 31. Qe2 Ng6 32. h5 Nxf4 33. gxf4 Bxf4 34.
Bf5 Kh6 35. Qf3 Rg8+ 36. Kh1 Bg5 37. Qg3 Qb7 38. Qd3 Bf4 39. Qf3 Bg5 40. Qd3 Qe7
41. Qg3 Qe8 42. b3 b5 43. Qxd6 b4 44. c4 Rg7 45. Qd8 Qxd8 46. Rxd8 Kxh5 47. Rh8+
Bh6 48. c5 Rg3 49. c6 Rc3 50. Bd7 Kg6 51. Rb8 a5 52. Rb5 Bf4 53. Rxa5 Be5 54.
Kg2 Kg5 55. Rb5 Kf4 56. Rxb4 Rc2+ 57. Kf1 Kf3 58. Rc4 Rxa2 59. Rc1 Rh2 60. Kg1
Rg2+ 61. Kh1 Rh2+ 62. Kg1 Rg2+ 63. Kh1 Rh2+ 64. Kg1 1/2-1/2

[Event "World Rapid Women 2018"]
[Site "St Petersburg RUS"]
[Date "2018.12.28"]
[Round "9.37"]
[White "Belenkaya, Dina"]
[Black "Atalik, Ekaterina"]
[Result "1/2-1/2"]
[WhiteTitle "WGM"]
[BlackTitle "IM"]
[WhiteElo "2338"]
[BlackElo "2447"]
[WhiteFideId "24142654"]
[BlackFideId "4130189"]
[EventDate "2018.12.26"]

1. e4 e5 2. Nf3 Nc6 3. Nc3 g6 4. d4 exd4 5. Nxd4 Bg7 6. Nxc6 bxc6 7. Bc4 Ne7 8.
O-O O-O 9. Bg5 d6 10. Qd2 Be6 11. Bb3 Qd7 12. Bh6 Bxh6 13. Qxh6 c5 14. Rad1 Bxb3
15. axb3 Qe6 16. Rfe1 f6 17. Nd5 Nxd5 18. exd5 Qf7 19. Re6 Rfe8 20. Rde1 Rxe6
21. dxe6 Qe7 22. Qf4 Rb8 23. Qa4 Kg7 24. Qxa7 Rb4 25. Qa6 Rd4 26. Qe2 f5 27. f3
Rd5 28. Qc4 Re5 29. Qc3 Qf6 30. g3 Rxe1+ 31. Qxe1 Kf8 32. Qa5 Qxe6 33. Qxc7 Qe1+
34. Kg2 Qe2+ 35. Kh3 Qe6 36. Qxh7 f4+ 37. g4 Qe3 38. Qh8+ Ke7 39. Qa8 g5 40.
Qe4+ Kd7 41. Qd5 Qf2 42. Qd3 Kc6 43. Qa6+ Kc7 44. Qd3 Kc6 45. c4 Kc7 46. Qh7+
Kb6 47. Qd3 Qd4 48. Qc3 Qf2 49. Qd3 Kc7 50. Qh7+ Kb6 51. Qd3 Kc7 1/2-1/2

[Event "World Rapid Women 2018"]
[Site "St Petersburg RUS"]
[Date "2018.12.28"]
[Round "9.38"]
[White "Geller, Anastasiya"]
[Black "Mamedjarova, Turkan"]
[Result "0-1"]
[WhiteTitle "WFM"]
[BlackTitle "WGM"]
[WhiteElo "2187"]
[BlackElo "2295"]
[WhiteFideId "24119059"]
[BlackFideId "13402005"]
[EventDate "2018.12.26"]

1. Nf3 d5 2. g3 Nf6 3. Bg2 c6 4. c4 d4 5. O-O g6 6. d3 Bg7 7. e3 dxe3 8. fxe3
O-O 9. Nc3 Nbd7 10. d4 Re8 11. Kh1 e5 12. d5 cxd5 13. cxd5 e4 14. Ng5 Nc5 15.
Qd4 Nfd7 16. Qc4 Qxg5 17. Nb5 Qe5 18. d6 Rf8 19. Rb1 Nb6 20. Qc2 Bd7 21. Nd4
Qxd6 22. b3 Ne6 23. Bb2 Nxd4 24. exd4 Bc6 0-1